الجنايات في الفقه الإسلامي : (رقم التسجيلة. 2348)

تفاصيل مارك
000 -الفاتح
عناصر البيانات ثابتة الطول 00746cam a2200193 i 4500
005 - تاريخ ووقت آخر معاملة
حقل ضبط 20251214120455.0
008 - عناصر البيانات ثابتة الطول
عناصر البيانات ثابتة الطول 250721s1977 ua gr 000 0 ara d
082 14 - رقم تصنيف ديوي العشري
رقم التصنيف 216,8
رقم المادة ح س ن
100 1# - مدخل رئيسي – اسم شخصي
الاسم الشخصي الشاذلي، حسن عدلي
علاقة الشخص بالعمل/ دوره مؤلف.
245 12 - بيان العنوان
العنوان الجنايات في الفقه الإسلامي :
بقية العنوان دراسة مقارنة بين الفقه الإسلامي والقانون /
بيان المسؤولية الدكتور حسن علي الشاذلي.
264 31 - بيانات النشر، التوزيع…إلخ
مكان النشر، التوزيع...إلخ القاهرة :
اسم الناشر، الموزع...إلخ دار الكتاب الجامعي،
تاريخ النشر، التوزيع...إلخ 1977.
300 ## - الوصف المادي
عدد الوحدات المكونة للوعاء الجزء الأول.
650 17 - مدخل إضافي بالموضوع - مصطلح موضوعي
مصطلح موضوعي أو اسم جغرافي كعنصر مدخل الإسلام.
650 17 - مدخل إضافي بالموضوع - مصطلح موضوعي
مصطلح موضوعي أو اسم جغرافي كعنصر مدخل الفقه.
650 17 - مدخل إضافي بالموضوع - مصطلح موضوعي
مصطلح موضوعي أو اسم جغرافي كعنصر مدخل العقوبات.
650 17 - مدخل إضافي بالموضوع - مصطلح موضوعي
مصطلح موضوعي أو اسم جغرافي كعنصر مدخل القانون الجنائي.
942 ## - بيانات إضافية (كوها)
نوع التنصيف Dewey Decimal Classification
نوع المادة (كوها) كتب
المقتنيات
حالة السحب حالة الفقدان مصدر التصنيف حالة التلف غير قابل للإعارة المكتبة الرئيسية المكتبة الحالية موقع الرف تاريخ التزويد الرقم المتسلسل Total Checkouts رقم الإستدعاء تاريخ آخر ظهور تاريخ الفاتورة نوع المادة (كوها) الباركود
    Dewey Decimal Classification Unchecked   المكتبة المركزية المكتبة المركزية الإعارة 06/07/2004 173994   216,8/حسن 28/07/2025 06/07/2004 كتب  
    Dewey Decimal Classification     المكتبة المركزية المكتبة المركزية الإعارة 06/07/2004 173992   216,8 / ح س ن 28/07/2025 06/07/2004 كتب 173992
Implemented & Customized by: BBB with SCIT (Smart Chains for Information Technology)

Powered by Koha